Eurovision Winning Countries From 2000 - Statistics

General Stats
  • This quiz has been taken 933 times
    418 since last reset
  • The average score is 18 of 23
Answer Stats
Year Answer % Correct
2023 Sweden
92%
2022 Ukraine
91%
2021 Italy
90%
2018 Israel
89%
2019 Netherlands
88%
2015 Sweden
85%
2017 Portugal
84%
2012 Sweden
83%
2009 Norway
82%
2014 Austria
81%
2010 Germany
80%
2016 Ukraine
80%
2006 Finland
79%
2013 Denmark
78%
2011 Azerbaijan
77%
2005 Greece
75%
2008 Russia
75%
2007 Serbia
75%
2001 Estonia
74%
2004 Ukraine
74%
2003 Turkey
72%
2000 Denmark
71%
2002 Latvia
71%
No matching quizzes found
Score Distribution
Percent of People with Each Score
Percentile by Number Answered
Your Score History
You have not taken this quiz since the last reset